Les arrêts de la Ligne 2 de Toulouse - Statistiques

Statistiques générales
  • Ce quiz a été pris 11 fois
  • Le résultat moyen est 16 sur 36
Statistiques - réponses
quartier/commune arrêt % Correct
La Cépière Arènes
100%
Colomiers Colomiers Lycée International
88%
La Cépière Hippodrome
88%
La Cépière Négogousses
75%
La Cépière brombach
63%
Casselardit Cartoucherie
50%
La Cépière Casteret
50%
Colomiers Colomiers Gare SNCF
50%
Casselardit Lemire
50%
Colomiers 14ème régiment d'Infanterie
38%
Colomiers Bascule - Seycheron
38%
Saint-Martin du Touch Bertier
38%
Saint-Martin du Touch Bisson
38%
Saint-Martin du Touch Bouriette
38%
Saint-Martin du Touch Caulet
38%
Purpan Centre Commercial Purpan Sud
38%
Colomiers Champagne
38%
Purpan Chardonnet
38%
Purpan Flambère
38%
Saint-Martin du Touch Fontaine
38%
Saint-Martin du Touch Fournier Airbus
38%
Casselardit Grande-Bretagne
38%
Purpan Hôpital Purpan
38%
Saint-Martin du Touch Jardinerie
38%
Saint-Martin du Touch Jean Petit
38%
Saint-Martin du Touch Max Fischl
38%
Colomiers Morbihan
38%
Colomiers Naurouze
38%
Colomiers Oratoire
38%
Colomiers Stade Bendichou
38%
Saint-Martin du Touch Terce Airbus
38%
Colomiers Val d'Aran
38%
Colomiers Gers
25%
Colomiers Médiathèque Pavillon Blanc
25%
Colomiers Monturon
25%
Colomiers Salle Gascogne
25%
Aucun quiz correspondant
Distribution des résultats
% des personnes avec chaque résultat
Percentile par nombre de réponses
Votre historique - résultats
Vous n’avez pas pris ce quiz